000 00684nam a2200217 u 4500
001 000020997
005 20200930011216.0
008 100828s2000 sp 001 0 spa d
020 _a8476308469
040 _aDO-SdBNP
_bspa
_cBNPHU
082 _a808.82
_bC581
245 0 0 _aCitas y frases célebres /
_ccompilador Samir M. Laabi.
260 _aMadrid, España :
_bLibsa,
_c2000.
300 _a315 p. ;
_c25 cm.
500 _aIncluye índice de autores
650 4 _aCitas
_xColecciones
_943948
650 4 _aMaximas
_xColecciones
_943949
650 4 _aEspañol
_xPalabras y frases
_97109
650 4 _aEspañol
_xProverios y refranes
_943950
700 1 _aLaabi, Samir M.
_ecomp.
_943951
999 _c20500
_d20500